An assessment of the impact of organisational culture on organisational commitment in Zambia's energy sector: a case study of the Copperbelt Energy Corporation (CEC) and the Zambia Electricity Supply Corporation (ZESCO) (Record no. 35123)

MARC details
000 -LEADER
fixed length control field 00880nam a2200181 a 4500
008 - FIXED-LENGTH DATA ELEMENTS--GENERAL INFORMATION
fixed length control field 140212s2013 ||||||||||||||||| || u
050 ## - LIBRARY OF CONGRESS CALL NUMBER
Classification number THESIS/TEM
100 ## - MAIN ENTRY--PERSONAL NAME
Personal name Tembo, Dailes
245 13 - TITLE STATEMENT
Title An assessment of the impact of organisational culture on organisational commitment in Zambia's energy sector: a case study of the Copperbelt Energy Corporation (CEC) and the Zambia Electricity Supply Corporation (ZESCO)
Statement of responsibility, etc. by Dailes Tembo
260 ## - PUBLICATION, DISTRIBUTION, ETC.
Place of publication, distribution, etc. Kitwe:
Name of publisher, distributor, etc. Copperbelt University
Date of publication, distribution, etc. 2013
300 ## - PHYSICAL DESCRIPTION
Extent xxii, 89p.: ill.
362 1# - DATES OF PUBLICATION AND/OR SEQUENTIAL DESIGNATION
Dates of publication and/or sequential designation <p>MA Human resources Management (MA HRM)</p>
500 ## - GENERAL NOTE
General note Bibliography
650 ## - SUBJECT ADDED ENTRY--TOPICAL TERM
Topical term or geographic name entry element ORGANIZATIONAL COMMITMENT
650 ## - SUBJECT ADDED ENTRY--TOPICAL TERM
Topical term or geographic name entry element ORGANIZATIONAL CULTURE--IMPACT OF--ZAMBIA
650 ## - SUBJECT ADDED ENTRY--TOPICAL TERM
Topical term or geographic name entry element ORGANIZATIONAL CULTURE
995 ## - RECOMMENDATION 995 [LOCAL, UNIMARC FRANCE]
-- CBU-MAIN LIBRARY (Kitwe)
-- 1
-- AVAILABLE
-- Feb 12, 2014
-- University Collection
Holdings
Withdrawn status Lost status Source of classification or shelving scheme Damaged status Not for loan Home library Current library Shelving location Date acquired Total Checkouts Full call number Barcode Date last seen Price effective from Koha item type
          CBU-MAIN LIBRARY, KITWE. CBU-MAIN LIBRARY, KITWE.   11/30/2022   THESIS/TEM 744660 11/30/2022 11/30/2022 MONOGRAPH